| Record ID | marc_records_scriblio_net/part10.dat:22692417:771 |
| Source | Scriblio |
| Download Link | /show-records/marc_records_scriblio_net/part10.dat:22692417:771?format=raw |
LEADER: 00771cam 2200217 i 4500
001 77023166 //r853
003 DLC
005 19850411000000.0
008 770113c19771957wb b 00110 eng
010 $a 77023166 //r853
020 $a0387080074
050 0 $aQA377$b.G49 1977
082 $a515/.353
100 10 $aGilbarg, David,$d1918-
245 10 $aElliptic partial differential equations of second order /$cDavid Gilbarg, Neil S. Trudinger.
260 0 $aBerlin ;$aNew York :$bSpringer-Verlag,$c[1977] c1957.
300 $ax, 401 p. ;$c25 cm.
440 0 $aGrundlehren der mathematischen Wissenschaften ;$v224
504 $aIncludes bibliographical references and indexes.
650 0 $aDifferential equations, Elliptic.
700 10 $aTrudinger, Neil S.,$d1942-$ejoint author.